Globalizácia a sociálna politika
Naznačenie nových prístupov a tendencií, ktoré globalizácia prináša, zvlášť v oblasti sociálnej politiky. Globalizácia by nemala obmedzovať národné ekonomiky. Podstatný rast pracovnej neistoty na pracovných trhoch. Postupné rozširovanie chudoby. Postupný rozpad veľkej časti strednej vrstvy. Analýza...
Gespeichert in:
| 1. Verfasser: | |
|---|---|
| Weitere Verfasser: | |
| Format: | Buchkapitel |
| Sprache: | Slowakisch |
| Schlagworte: | |
| Tags: |
Keine Tags, Fügen Sie das erste Tag hinzu!
|
MARC
| LEADER | 00000naa$a2200000$$$4500 | ||
|---|---|---|---|
| 001 | 0027052 | ||
| 005 | 20240502071427.3 | ||
| 041 | 0 | |a slo | |
| 044 | |a SK | ||
| 245 | 1 | 0 | |a Globalizácia a sociálna politika |c Vojtech Stanek, Silvia Ošková |
| 520 | |a Naznačenie nových prístupov a tendencií, ktoré globalizácia prináša, zvlášť v oblasti sociálnej politiky. Globalizácia by nemala obmedzovať národné ekonomiky. Podstatný rast pracovnej neistoty na pracovných trhoch. Postupné rozširovanie chudoby. Postupný rozpad veľkej časti strednej vrstvy. Analýza viacerých problémových okruhov sociálneho systému. | ||
| 610 | 2 | 0 | |a globalizácia |
| 610 | 2 | 0 | |a politika sociálna |
| 610 | 2 | 0 | |a trh práce |
| 610 | 2 | 0 | |a miesta pracovné |
| 610 | 2 | 0 | |a blahobyt |
| 610 | 2 | 0 | |a chudoba |
| 610 | 2 | 0 | |a ekonomika nová |
| 100 | 1 | |a Stanek, Vojtech | |
| 700 | 1 | |a Ošková, Silvia, 1979- | |